000 01299nam a2200337 a 4500
001 ebr10662627
003 CaPaEBR
006 m u
007 cr cn|||||||||
008 120924s2013 njua sb 001 0 eng d
010 _z 2012036176
020 _z9781444350241 (hardback : alk. paper)
020 _z9781118517888 (e-book)
040 _aCaPaEBR
_cCaPaEBR
035 _a(OCoLC)842221311
050 1 4 _aGT3050
_b.G55 2013eb
082 0 4 _a394
_223
245 0 4 _aThe gift in antiquity
_h[electronic resource] /
_cedited by Michael L. Satlow.
260 _aHoboken, N.J. :
_bWiley-Blackwell,
_cc2013.
300 _axi, 255 p. :
_bill.
490 1 _aThe ancient world : comparative histories
504 _aIncludes bibliographical references and indexes.
533 _aElectronic reproduction.
_bPalo Alto, Calif. :
_cebrary,
_d2013.
_nAvailable via World Wide Web.
_nAccess may be limited to ebrary affiliated libraries.
650 0 _aGifts
_xHistory.
650 0 _aCivilization, Ancient.
655 7 _aElectronic books.
_2local
700 1 _aSatlow, Michael L.
710 2 _aebrary, Inc.
830 0 _aAncient world--comparative histories.
856 4 0 _uhttp://site.ebrary.com/lib/rucke/Doc?id=10662627
_zAn electronic book accessible through the World Wide Web; click to view
999 _c69985
_d69985